000 00360 a2200169 4500
001 70527
020 _a853220600x
040 _cAnchieta - Itaigara
100 _aGuimarães, Bernardo
240 1 0 _aA escrava Isaura
_lpor
245 1 0 _aA escrava Isaura
300 _a168
362 0 _a1996
440 1 _aFTD
650 4 _aFicção brasileira
942 _cBK
999 _c70527
_d70527